000
00322nam a2200133Ia 4500
005
20260328104307.0
008
260328s9999||||xx |||||||||||||| ||und||
100
_a
Hasven, Mark
245
0
_a
Out Of Season /
_c
Mark Hasven
260
_b
Booth- clibborn Editions
300
_a
222 p.
650
_a
FOTOGRAFÍA
942
_c
BK
999
_c
10810
_d
10810